Construction and demolition waste recycling for reuse in concrete production (Record no. 70861)
[ view plain ]
| 000 -LEADER | |
|---|---|
| fixed length control field | 01225cam a2200265 4500 |
| 001 - CONTROL NUMBER | |
| control field | ABS65686 |
| 008 - FIXED-LENGTH DATA ELEMENTS--GENERAL INFORMATION | |
| fixed length control field | 020731n2002 000 0 eng u |
| 035 ## - SYSTEM CONTROL NUMBER | |
| System control number | (Sirsi) u119128 |
| 100 ## - MAIN ENTRY--PERSONAL NAME | |
| Personal name | Limbachiya, M |
| 245 ## - TITLE STATEMENT | |
| Title | Construction and demolition waste recycling for reuse in concrete production |
| 260 ## - PUBLICATION, DISTRIBUTION, ETC. | |
| Date of publication, distribution, etc. | 2002 |
| 490 ## - SERIES STATEMENT | |
| Series statement | Wastes Management |
| Volume/sequential designation | July 2002, 46-47(42) |
| 520 ## - SUMMARY, ETC. | |
| Summary, etc. | Construction and demolition waste is one of the largest waste streams. Recycling this waste for reuse rather than landfill is essential within the context of sustainable development and over-depletion of primary aggregates. Discusses the viability of using recycled waste in concrete production and analyses the economic, supply and quality barriers to use of recycled aggregates. Details research project at Kingston University into concrete applications using coarse recycled aggregate. |
| 590 ## - LOCAL NOTE (RLIN) | |
| Local note | ABS |
| 650 ## - SUBJECT ADDED ENTRY--TOPICAL TERM | |
| Topical term or geographic name entry element | SUSTAINABLE CONSTRUCTION |
| 650 ## - SUBJECT ADDED ENTRY--TOPICAL TERM | |
| Topical term or geographic name entry element | CONCRETE |
| 650 ## - SUBJECT ADDED ENTRY--TOPICAL TERM | |
| Topical term or geographic name entry element | CONSTRUCTION WASTE |
| 650 ## - SUBJECT ADDED ENTRY--TOPICAL TERM | |
| Topical term or geographic name entry element | DEMOLITION WASTE |
| 650 ## - SUBJECT ADDED ENTRY--TOPICAL TERM | |
| Topical term or geographic name entry element | RECYCLED AGGREGATES |
| 650 ## - SUBJECT ADDED ENTRY--TOPICAL TERM | |
| Topical term or geographic name entry element | SECONDARY AGGREGATES |
| 650 ## - SUBJECT ADDED ENTRY--TOPICAL TERM | |
| Topical term or geographic name entry element | LANDFILL TAX |
| 650 ## - SUBJECT ADDED ENTRY--TOPICAL TERM | |
| Topical term or geographic name entry element | AGGREGATES LEVY |
| 690 ## - LOCAL SUBJECT ADDED ENTRY--TOPICAL TERM (OCLC, RLIN) | |
| Topical term or geographic name as entry element | BUILT ENVIRONMENT-BUILDING MATERIALS |
| 942 ## - ADDED ENTRY ELEMENTS (KOHA) | |
| Suppress in OPAC | 0 |
| Withdrawn status | Lost status | Source of classification or shelving scheme | Damaged status | Not for loan | Home library | Current library | Shelving location | Date acquired | Total Checkouts | Full call number | Barcode | Date last seen | Copy number | Price effective from | Koha item type |
|---|---|---|---|---|---|---|---|---|---|---|---|---|---|---|---|
| Dewey Decimal Classification | London | London | Journal article | 31/07/2002 | ABS65686 | 119128-1001 | 06/08/2019 | 1 | 06/08/2019 | Journal article |